| 000 | 01696nam a2200253 4500 | ||
|---|---|---|---|
| 001 | 5951 | ||
| 010 | _a9788550801483 | ||
| 090 | _a5951 | ||
| 100 | _a20211231d2017 m||y0pory50030103ba | ||
| 200 | 1 |
_aPai rico, pai pobre _fRobert T. Kiyosaki _gtrad. Maria José Cyhlar Monteiro |
|
| 205 | _a2ª ed. | ||
| 210 | 9 |
_aRio de Janeiro _cAlta Books _d2017 |
|
| 215 | _a234, [4] p. | ||
| 304 | _aTít. orig.: Rich Dady, Poor Dady | ||
| 330 | _aO livro de finanças pessoais mais vendido de sempre! Edição revista e atualizada - inclui 9 secções de estudo O clássico das finanças pessoais que se mantém atual Desfaz o mito de que precisa de ter um salário elevado para enriquecer - especialmente num mundo onde a tecnologia, os robôs e a economia global estão a mudar as regras. Ensina porque adquirir e criar ativos pode ser mais importante para o seu futuro do que um grande salário. Desafia a crença de que a sua casa é um ativo - como milhões de pessoas aprenderam quando a bolha imobiliária rebentou. Recorda-nos porque não podemos depender do sistema escolar para ensinar os nossos filhos sobre dinheiro - e por que razão essa competência fundamental para a vida é mais importante hoje do que nunca. Explica o que deve ensinar aos seus filhos sobre dinheiro - para que possam estar preparados para os desafios e oportunidades do mundo de hoje e desfrutar da vida rica que merecem. | ||
| 606 |
_9811 _aEconomia |
||
| 606 |
_9812 _aFinanças |
||
| 675 |
_a64.031(035) _vBN _zpor |
||
| 675 |
_a330.567.2 _zpor |
||
| 700 |
_aKiyosaki _bRobert T. _f1947- _95634 |
||
| 702 |
_aMonteiro _bMaria José Cyhlar _95635 |
||
| 801 | 0 |
_aPT _bBMVN _gRPC |
|
| 830 |
_cInês Silva _d31/12/2021 |
||
| 990 | _cLIVROS | ||